000 01071naa a22002777a 4500
001 BR9602447
003 BR-BrBNA
005 20240918181454.0
007 ta
008 230509b bl.||||| |||| 00| 0 por d
040 _aBR-BrBNA
_bpor
_cBiblioteca Nacional de Agricultura
041 _a(Pt)
072 _aE50; E16
090 _aE50 BR9602447
100 1 _aMiranda, P.S. da C.
245 1 _aAgricultura familiar e a verticalizacao do processo produtivo na Amazonia paraense
260 3 _aBelem, PA (Brasil):
_c1993.
500 _aMitschein, T.; Pinho, J.; Flores, C. Plantas amazonicas e seu aproveitamento tecnologico Belem, PA (Brasil): 1993. p. 21-25 (BR9602447-AM)E50
650 _aComunidade Rural
650 _aAgricultura de Subsistencia
650 _aProducao
650 _aPara
773 0 _tPlantas amazonicas e seu aproveitamento tecnologico
_aMitschein, T.; Pinho, J.; Flores, C.. Universidade Federal do Para, Belem (Brasil)
_wE50 BR9602447
_gBelem, PA (Brasil), 1993. p. 21-25
909 _a202404
_bLucia
_c55
_dLucia Elande
942 _cAM
_2AGRIS
999 _c325395
_d325395